[Event "Politiken Cup 37th"]
[Site "Helsingor"]
[Date "2015.07.31"]
[Round "8"]
[White "Fabrin, Morten"]
[Black "Gottschalck, Christian"]
[Result "1-0"]
[WhiteElo "2009"]
[BlackElo "1830"]
[PlyCount "61"]
[EventDate "2015.07.25"]
[EventType "swiss"]
[EventRounds "10"]
[EventCountry "DEN"]
[SourceTitle "CBM 167 Extra"]
[Source "ChessBase"]
[SourceDate "2015.09.14"]
[SourceVersion "1"]
[SourceVersionDate "2015.09.14"]
[SourceQuality "1"]

1. Nf3 c5 2. e4 Nc6 3. Bb5 d6 4. 0-0 Bd7 5. Re1 a6 6. Bf1 g6 7. c3 Bg7 8. h3 b5 9. d4 cxd4 10. cxd4 e6 11. Nc3 Na5 12. Bf4 Qb6 13. Rc1 Rc8 14. Be3 Qb7 15. b3 Ne7 16. Bg5 f6 17. Bf4 Qb6 18. e5 dxe5 19. dxe5 f5 20. Bg5 Ng8 21. Qd3 Nb7 22. Be3 Qd8 23. Red1 Nc5 24. Qe2 Bh6 25. Bxh6 Nxh6 26. Qe3 Nf7 27. Nxb5 Nxb3 28. axb3 Rxc1 29. Qxc1 Qc8 30. Qxc8+ Bxc8 31. Nc7+ 1-0

[Event "Politiken Cup 37th"]
[Site "Helsingor"]
[Date "2015.07.30"]
[Round "7"]
[White "Andersen, Morten"]
[Black "Fabrin, Morten"]
[Result "1-0"]
[WhiteElo "2174"]
[BlackElo "2009"]
[PlyCount "81"]
[EventDate "2015.07.25"]
[EventType "swiss"]
[EventRounds "10"]
[EventCountry "DEN"]
[SourceTitle "CBM 167 Extra"]
[Source "ChessBase"]
[SourceDate "2015.09.14"]
[SourceVersion "1"]
[SourceVersionDate "2015.09.14"]
[SourceQuality "1"]

1. c4 Nf6 2. g3 c5 3. Bg2 Nc6 4. Nf3 g6 5. Nc3 Bg7 6. 0-0 0-0 7. d4 cxd4 8. Nxd4 Nxd4 9. Qxd4 d6 10. Qd3 a6 11. Rd1 Nd7 12. b3 Rb8 13. Bg5 Nc5 14. Qe3 Ne6 15. Bh6 Bd7 16. Rac1 Bc6 17. Nd5 Bxd5 18. cxd5 Nc5 19. Rc4 e5 20. dxe6 Nxe6 21. Bd5 Qf6 22. Bxg7 Nxg7 23. Rc7 b5 24. Ra7 Nf5 25. Qf3 Qb2 26. g4 Qc2 27. e3 Qc5 28. Rd7 Nh6 29. Qf6 Qc2 30. Rd4 Qb1+ 31. Kg2 Rbc8 32. g5 Qf5 33. Qxf5 Nxf5 34. Rd2 Rc3 35. Ra7 h6 36. gxh6 Nxh6 37. Rxa6 Nf5 38. Be4 Nh4+ 39. Kh3 g5 40. Rdxd6 Kg7 41. Rd5 1-0

[Event "Politiken Cup 37th"]
[Site "Helsingor"]
[Date "2015.07.28"]
[Round "5"]
[White "Rossen, Claus"]
[Black "Fabrin, Morten"]
[Result "0-1"]
[WhiteElo "2193"]
[BlackElo "2009"]
[PlyCount "56"]
[EventDate "2015.07.25"]
[EventType "swiss"]
[EventRounds "10"]
[EventCountry "DEN"]
[SourceTitle "CBM 167 Extra"]
[Source "ChessBase"]
[SourceDate "2015.09.14"]
[SourceVersion "1"]
[SourceVersionDate "2015.09.14"]
[SourceQuality "1"]

1. e4 c6 2. d4 d5 3. exd5 cxd5 4. c4 e6 5. Nc3 Nf6 6. Nf3 Nc6 7. c5 Be7 8. Bd3 0-0 9. 0-0 b6 10. Bb5 Bb7 11. Bxc6 Bxc6 12. Ne5 Rc8 13. Nxc6 Rxc6 14. Qa4 Qd7 15. b4 bxc5 16. dxc5 d4 17. Rd1 e5 18. f4 d3 19. Be3 Ng4 20. b5 Rxc5 21. Bxc5 Bxc5+ 22. Kf1 Ne3+ 23. Ke1 Nxg2+ 24. Kf1 Qh3 25. Qe4 Nxf4+ 26. Ke1 Qxh2 27. Qf3 Ng2+ 28. Kd2 Nh4+ 0-1